|
|
|
|
| LEADER |
00000nam0a2200000 4500 |
| 001 |
278382 |
| 005 |
20231101235116.0 |
| 020 |
|
|
|a RU
|b 86-31586
|
| 035 |
|
|
|a (RuTPU)RU\TPU\book\301659
|
| 090 |
|
|
|a 278382
|
| 100 |
|
|
|a 20141211d1986 m y0rusy5003 ca
|
| 101 |
0 |
|
|a rus
|
| 102 |
|
|
|a RU
|
| 105 |
|
|
|a a j 001zy
|
| 200 |
1 |
|
|a Проектирование зданий для районов с особыми природно-климатическими условиями
|e учебное пособие для вузов
|f К. К. Шевцов
|
| 210 |
|
|
|a Москва
|c Высшая школа
|d 1986
|
| 215 |
|
|
|a 232 с.
|c ил.
|
| 320 |
|
|
|a Библиогр.: с. 229-230
|
| 606 |
1 |
|
|a Здания и постройки
|x Проектирование
|2 stltpush
|3 (RuTPU)RU\TPU\subj\11584
|9 38505
|
| 610 |
1 |
|
|a учебные пособия
|
| 610 |
1 |
|
|a климатические условия
|
| 610 |
1 |
|
|a холодный климат
|
| 610 |
1 |
|
|a естественное регулирование
|
| 610 |
1 |
|
|a микроклимат
|
| 610 |
1 |
|
|a основания
|
| 610 |
1 |
|
|a фундаменты
|
| 610 |
1 |
|
|a жаркий климат
|
| 610 |
1 |
|
|a озеленение
|
| 610 |
1 |
|
|a обводнение
|
| 610 |
1 |
|
|a благоустройство
|
| 610 |
1 |
|
|a солнцезащитные устройства
|
| 610 |
1 |
|
|a сейсмические районы
|
| 610 |
1 |
|
|a просадочные грунты
|
| 675 |
|
|
|a 721.011(075.8)
|z rus
|v 4
|
| 700 |
|
1 |
|a Шевцов
|b К. К.
|g Константин Константинович
|4 070
|
| 801 |
|
0 |
|a RU
|b RuMRKP
|c 19950704
|g psbo
|
| 801 |
|
1 |
|a RU
|b 63413507
|c 20141211
|
| 801 |
|
2 |
|a RU
|b 63413507
|c 20170411
|g RCR
|
| 942 |
|
|
|c BK
|